10 państw Azji wysuniętych najbardziej na zachód - Statystyki

Ogólne statystyki
  • Ten quiz został rozwiązany 11 481 razy
  • Średni wynik to 9 z 10
Statystyki odpowiedzi
Długość
geograficzna
Państwo % Poprawnych
25°39'E Turcja
97%
34°15'E Izrael
94%
34°33'E Arabia Saudyjska
92%
38°50'E Irak
90%
41°30'E Gruzja
89%
35°30'E Syria
88%
32°16'E Cypr
85%
34°55'E Jordania
84%
41°49'E Jemen
82%
35°06'E Liban
80%
Nie znaleziono quizów pasujących do podanych kryteriów
Rozkład punktacji
Procent ludzi z każdym wynikiem
Percentyl według liczby udzielonych odpowiedzi
Twoja historia wyników
Nie rozwiązałeś tego quizu